000 00835nam a2200217 i 4500
001 141828
003 ES-MaACL
005 20230906200358.0
007 t|
008 070928s1914 sp |||| | spa d
080 _a314.743(460)"19"
100 1 _aViñals y Torrero, Francisco.
_9115364
245 1 0 _aPasaje para ultramar
_b: breves apuntes acerca de la emigración española /
_cpor F. Viñals y Torrero.
260 _aMadrid :
_b[s.n.],
_c[1914?] (
_fImp. de Jaime Ratés)
300 _a45 p. ;
_c21 cm.
530 _aDisponible en formato digital.
651 4 _aEspaña-
_xEmigración-
_yS.XX.
_98193
852 _aES-MaACL
_jT-1375-F-6
852 _aES-MaACL
_jFol-Laf-399
856 _uhttp://bibliotecadigitalhispanica.bne.es:80/webclient/DeliveryManager?pid=3169043&custom_att_2=simple_viewer
_zBiblioteca Digital Hispánica
999 _c141828
_d141828